00981nam a2200289 i 4500003001000000005001700010007000300027008004100030020001800071040003500089041001300124084001000137100003600147245011000183250002200293264004600315264001100361300007300372336002700445337003300472338002800505490004300533650003000576650003800606650002700644650002000671CO-BoRNBP20240802114010.0ta141112s2002 ck a r 000 u spa d a7706894112388 aCO-BoRNBPbspacCO-BoRNBPdrda1 aspaheng aC BUR1 aBurgess, Melvineautord1954 - 13aEl fantasma tras la paredcMelvin Burgess; traducción, Juan Manuel Pombo; Ilustraciones, María Osorio aPrimera edición 1aBogotá, ColombiabEditorial Normac2002 4c©2002 a192 páginasbilustraciones en blanco y negrocalto 19cm ancho 11cm 2rdacontentatextobtxt 2rdamediaasin mediaciónbn 2rdacarrieravolumenbnc aColección Torre de Papel. Torre azul14aLiteratura infantil2LEMB17aCuentos infantiles ingleses2LEMB17acuentos ingleses2LEMB1 afantasmas2LEMB